000 00657nam a22002057a 4500
999 _c14587
_d14587
003 AR-CdUCM
008 190409b ||||| |||| 00| 0 spa d
020 _a978-607-16-3378-1
040 _aMUNICIPALIDAD PROVINCIAL DEL CUSCO
_cBIBLIOTECA MUNICIPAL DEL CUSCO
082 _aPI / 808.068 /
_bP58
100 _aPimentel, Marcelo
_933424
245 _aAl final de la fila /
260 _aMéxico :
_bFondo de cultura económica,
_c2016.
300 _c22 cm.
440 _a25 años a la orilla del viento.
_933410
505 _aContenido :Al final de la fila ...
650 _aLiteratura gráfica
_926312
942 _2ddc
_cLIBROS
945 _arum
_d2019-04-23